Statistics for Simon & Garfunkel Songs - Lyrics

Click here to take the quiz!

General Stats

  • This quiz has been taken 37 times
  • The average score is 6 of 10

Answer Stats

LyricsAnswer% Correct
"Cathy I'm lost, I said, though I knew she was sleeping"America
88%
"I can hear the soft breathing of the girl that I love"Wednesday Morning, 3 a.m.
72%
"And you read your Emily Dickinson, and I my Robert Frost"The Dangling Conversation
69%
"He lived all alone within a house, within a room, within himself"A Most Peculiar Man
66%
"Half of the time we're gone, but we don't know where"The Only Living Boy in New York
66%
"How terribly strange to be seventy"Old Friends
59%
"Like the pieces of a puzzle or a child's uneven scrawl"Patterns
50%
"I held her close but she faded in the night"Leaves That Are Green
47%
"Voices leaking from a sad café"Bleecker Street
41%
"To seek the breast of darkness and be suckled by the night ooh"A Poem on the Underground Wall
28%

Score Distribution

Percentile by Number Answered

Percent of People with Each Score

Your Score History

You have not taken this quiz